|
|
|
|
| LEADER |
00000nam a2200000 a 4500 |
| 001 |
vtls001159814 |
| 003 |
SK-MaSNL |
| 005 |
20260301154050.0 |
| 008 |
250414s1975 RO 0 rum |
| 035 |
|
|
|a SNK000102720
|
| 040 |
|
|
|a SNK
|b slo
|c SNK
|e AACR2
|
| 041 |
0 |
|
|a rum
|
| 044 |
|
|
|a RO
|
| 080 |
|
|
|a 92 Botticelli, Sandro:75(45)(091)(084.1)=59
|2 1981
|
| 100 |
1 |
|
|a Baconsky, Anatol E.,
|d 1925-1977
|4 aut
|9 204554
|
| 245 |
1 |
0 |
|a Botticelli
|c A. E. Baconsky
|
| 260 |
|
|
|a Bucureşti
|b Meridiane
|c 1975
|
| 300 |
|
|
|a 31, [2] s.
|b 72 čiast. fareb. obr. reprod. na príl.
|c 4°
|
| 852 |
|
|
|a Slovenská národná knižnica
|
| 954 |
|
|
|a Botticelli, Sandro: dielo
|
| 958 |
|
|
|a RK
|
| 958 |
|
|
|a OND
|
| 999 |
|
|
|c 795481
|d 797411
|
| 952 |
|
|
|t P60, <04>, [BOOK], {604}
|a SNK
|b SNK
|y VYP
|7 0
|p 17A0311428
|o snkIB 35250
|0 0
|1 0
|4 0
|d 2001-08-20
|l 0
|r 2005-01-01 00:00:00
|w 2026-02-24
|